<?xml version="1.0" encoding="UTF-8"?><?xml-stylesheet type="text/xsl" href="static/style.xsl"?><OAI-PMH xmlns="http://www.openarchives.org/OAI/2.0/" xmlns:xsi="http://www.w3.org/2001/XMLSchema-instance" xsi:schemaLocation="http://www.openarchives.org/OAI/2.0/ http://www.openarchives.org/OAI/2.0/OAI-PMH.xsd"><responseDate>2026-04-17T05:08:05Z</responseDate><request verb="GetRecord" identifier="oai:riubu.ubu.es:10259/6094" metadataPrefix="marc">https://riubu.ubu.es/oai/request</request><GetRecord><record><header><identifier>oai:riubu.ubu.es:10259/6094</identifier><datestamp>2024-04-16T12:30:33Z</datestamp><setSpec>com_10259_4244</setSpec><setSpec>com_10259_5086</setSpec><setSpec>com_10259_2604</setSpec><setSpec>col_10259_4245</setSpec></header><metadata><record xmlns="http://www.loc.gov/MARC21/slim" xmlns:doc="http://www.lyncode.com/xoai" xmlns:xsi="http://www.w3.org/2001/XMLSchema-instance" xmlns:dcterms="http://purl.org/dc/terms/" xsi:schemaLocation="http://www.loc.gov/MARC21/slim http://www.loc.gov/standards/marcxml/schema/MARC21slim.xsd">
<leader>00925njm 22002777a 4500</leader>
<datafield tag="042" ind1=" " ind2=" ">
<subfield code="a">dc</subfield>
</datafield>
<datafield tag="720" ind1=" " ind2=" ">
<subfield code="a">Kashaninejad, Mansoore</subfield>
<subfield code="e">author</subfield>
</datafield>
<datafield tag="720" ind1=" " ind2=" ">
<subfield code="a">Blanco Alcalde, Beatriz</subfield>
<subfield code="e">author</subfield>
</datafield>
<datafield tag="720" ind1=" " ind2=" ">
<subfield code="a">Benito Román, Oscar</subfield>
<subfield code="e">author</subfield>
</datafield>
<datafield tag="720" ind1=" " ind2=" ">
<subfield code="a">Beltrán Calvo, Sagrario</subfield>
<subfield code="e">author</subfield>
</datafield>
<datafield tag="720" ind1=" " ind2=" ">
<subfield code="a">Niknam, S. Mehdi</subfield>
<subfield code="e">author</subfield>
</datafield>
<datafield tag="720" ind1=" " ind2=" ">
<subfield code="a">Sanz Díez, Mª Teresa</subfield>
<subfield code="e">author</subfield>
</datafield>
<datafield tag="260" ind1=" " ind2=" ">
<subfield code="c">2021-11</subfield>
</datafield>
<datafield tag="520" ind1=" " ind2=" ">
<subfield code="a">A complete chemical characterization of Moringa oleifera leaves was carried out showing a high content of extractives. Extraction kinetics of bioactive compounds present in this fraction were performed by conventional and ultrasound assisted extraction (UAE). A 50% (v/v) hydroalcoholic mixture led to the highest total phenolic compounds yield by conventional solvent extraction, 29.5 ± 0.3 mg per gram of moringa leaves. UAE did not bring any improvement when using hydroalcoholic mixtures probably due to the physical properties of the ethanol aqueous mixtures that affect the UAE performance, such as viscosity and vapor pressure of the mixture. The retention index of the different solvents in the raffinate phase was determined revealing the highest retention index for water, 9.5, and a continuous decrease by increasing ethanol concentration. Retention index is a key parameter in a solvent extraction process since it determines the number of stages in an industrial separation process and it is not usually reported in bioactive compounds extraction. Solvent extraction capacity and the retention index determined the final freeze-dried extract yield.</subfield>
</datafield>
<datafield tag="024" ind2=" " ind1="8">
<subfield code="a">0960-3085</subfield>
</datafield>
<datafield tag="024" ind2=" " ind1="8">
<subfield code="a">http://hdl.handle.net/10259/6094</subfield>
</datafield>
<datafield tag="024" ind2=" " ind1="8">
<subfield code="a">10.1016/j.fbp.2021.09.008</subfield>
</datafield>
<datafield ind1=" " ind2=" " tag="653">
<subfield code="a">Moringa leaves</subfield>
</datafield>
<datafield ind1=" " ind2=" " tag="653">
<subfield code="a">Phenolic compounds</subfield>
</datafield>
<datafield ind1=" " ind2=" " tag="653">
<subfield code="a">Solvent retention</subfield>
</datafield>
<datafield ind1=" " ind2=" " tag="653">
<subfield code="a">Kinetic model</subfield>
</datafield>
<datafield ind1=" " ind2=" " tag="653">
<subfield code="a">Freeze-dried extracta</subfield>
</datafield>
<datafield tag="245" ind1="0" ind2="0">
<subfield code="a">Maximizing the freeze-dried extract yield by considering the solvent retention index: extraction kinetics and characterization of Moringa oleifera leaves extracts</subfield>
</datafield>
</record></metadata></record></GetRecord></OAI-PMH>